000 00432cam a2200169 4500
001 D13332
008 090401t1908 xxu||||| |||| 00| 0 eng d
035 _a(Sirsi) u9051
041 _aeng
100 _aLyons, F Oliver
245 _aDigest of valuation and exemption cases decided in Irish courts 1827-1907
260 _aDublin
_bJohn Falconer
_c1908
350 _a0
520 _aShelf 118
942 _n0
948 _c04/03/1997
999 _c86593
_d86593